000 00458nam a2200181Ia 4500
001 19957
005 20260306172731.0
008 260306t2009||||xx |||||||||||||| ||spa||
041 _aESP
082 _a341.8
_bG23
100 _aGarcía-Huidobro, Joaquín
_eAUT
245 0 _aUna introducción a la tradición central de la ética
260 _c2009
300 _a228 páginas :
_c24 cm.
650 _aGEN
654 _aCDE
942 _cLIB
_dJUS
_fJUS
_2ddc
_n
999 _c19957
_d19957